[Event "CZE-chT2d 0607"]
[Site "Czech Republic"]
[Date "2007.02.11"]
[Round "7"]
[White "Vlk, Josef"]
[Black "Zeman, Arnost"]
[Result "1/2-1/2"]
[WhiteElo "2059"]
[BlackElo "2120"]
[PlyCount "80"]
[EventDate "2006.10.15"]
[EventType "team"]
[EventRounds "11"]
[EventCountry "CZE"]
[SourceTitle "EXT 2009"]
[Source "ChessBase"]
[SourceDate "2008.11.26"]
[SourceVersion "1"]
[SourceVersionDate "2008.11.26"]
[SourceQuality "1"]

1. d4 d5 2. c4 c6 3. Nc3 Nf6 4. Nf3 e6 5. cxd5 exd5 6. Bg5 Nbd7 7. e3 Bd6 8. Bd3 h6 9. Bh4 Qc7 10. Qc2 0-0 11. 0-0 Ng4 12. Bg3 Bxg3 13. hxg3 Ndf6 14. b4 Qb6 15. b5 Bd7 16. bxc6 Bxc6 17. Qb3 Rfe8 18. Ne2 g5 19. Rab1 Qc7 20. Nc3 Re7 21. Qc2 Rae8 22. Bf5 Qd6 23. Rfc1 a6 24. a4 Bd7 25. Bd3 Rc8 26. Qb2 Ne4 27. Bxe4 dxe4 28. Nd2 Bf5 29. a5 Rec7 30. Ncxe4 Qe7 31. Rxc7 Rxc7 32. f3 Nxe3 33. Qb6 Be6 34. Nf6+ Kh8 35. d5 Nxd5 36. Nxd5 Bxd5 37. Qd4+ Kg8 38. Qxd5 Rd7 39. Qe4 Qc5+ 40. Kh2 Rxd2 1/2-1/2